000 00701nam a2200229 a 4500
001 84814
003 BD-RjUL
005 20250416111759.0
008 250416s1940 |||||||| |||| 00| 0 eng d
035 _a(BD-RjUL)84814
040 _aBD-RjUL
_beng
_cBD-RjUL
041 _aeng
082 _223
_a823
_bCHF 1940
100 _aChandler, Raymond
_93000
245 _aFarewell, my lovely /
_cRaymond Chandler
260 _a[London] :
_bPenguin Books,
_c1940
300 _a252 p.;
_c19 cm.
650 _aDetective and mystery fiction
_915245
650 _aMarlowe, Philip (Fictitious character) Fiction
_915246
650 _aPrivate investigators California Los Angeles Fiction
_915247
942 _2ddc
_cBK
999 _c84814
_d84814